| 000 | 01525nam0a2200349 4500 | ||
|---|---|---|---|
| 001 | RU\NLR\BIBL_A\022736507 | ||
| 005 | 20260325140043.0 | ||
| 010 |
_a978-5-9704-9472-1 _9300 |
||
| 035 | _a(NLR Aleph) 022736507 | ||
| 090 |
_a13639692 _c13639692 |
||
| 100 | _a20260225d2026 m y0rusy50 ca | ||
| 101 | 0 | _aeng | |
| 102 | _aRU | ||
| 105 | _aa j 000yy | ||
| 181 | 0 |
_ai3 _baxxe |
|
| 182 | 0 | _an | |
| 200 | 1 |
_aCariology _dКариесология _fI. S. Kopetsky, I. A. Nikolskaya, O. Yu. Guseva [et al.] _gFederal state autonomous educational institution of higher education N. I. Pirogov Russian national research medical university, Ministry of health of the Russian Federation _zrus |
|
| 203 |
_aТекст _bвизуальный _cнепосредственный |
||
| 210 |
_aMoscow _cGEOTAR-Media _d2026 |
||
| 215 |
_a268, [1] с., [4] л. цв. ил. _cил. _d22 |
||
| 225 | 1 | _aTutorial guide | |
| 300 | _aАвт. также на рус. яз.: И. С. Копецкий, И. А. Николькая, О. Ю. Гуева | ||
| 510 | 1 |
_aКариесология _zrus |
|
| 606 | 1 |
_aКариес зубов _jУчебные издания для высших учебных заведений _2nlr_sh1 _2nlr_sh2 _3RU\NLR\AUTH\6639632 |
|
| 686 | 1 | _aР661.210.40я73 | |
| 701 | 1 |
_aKopeckij _bI. S. _gIgor' Sergeevič _3RU\NLR\AUTH\770291536 |
|
| 701 | 1 |
_aNikol'skaja _bI. A. _gIrina Andreevna |
|
| 701 | 1 |
_aGuseva _bO. J. _gOl'ga Jur'evna |
|
| 942 | _cBOOK | ||
| 980 | _aNB | ||